000
00308nam a2200109Ia 4500
008
171211s9999 xx 000 0 und d
245
_a
SEO Secrets & Strategies Made Simple 2015
245
_c
Mat Fox
260
_c
2015
650
_x
Web Development
856
_u
http://down.ebook777.com/011/9780470554180.pdf
999
_c
350082
_d
350082